000 00652cam a2200181 a 4500
020 _a047124693X (alk. paper)
040 _cDLC
082 0 0 _a355 WIL 1998 A011 Or.
_aB
100 1 _aSmith, Gene.
245 1 0 _aUntil the last trumpet sounds :
_bthe life of General of the Armies John J. Pershing /
260 _aNew York :
_bWiley,
_cc1998.
300 _axi, 369 p., [10] p. of plates :
_bill. ;
_c25 cm.
650 0 _aGenerals
856 4 2 _uhttp://www.loc.gov/catdir/bios/wiley044/97033033.html
856 4 2 _uhttp://www.loc.gov/catdir/description/wiley037/97033033.html
856 4 _uhttp://www.loc.gov/catdir/toc/onix01/97033033.html
942 _cEK
999 _c13377
_d13377